000 00627nam a2200205Ia 4500
003 GCL
005 20240530105350.0
008 140319s9999 xx 000 0 ara d
040 _aGCL /
_cGCL
082 0 4 _a411.5
_bب ف
100 1 _aالبدراوى زهران
245 1 0 _aفى علم الاصوات اللغوية وعيوب النطق /
_cالبدراوى زهران
250 _aط1
260 _aالقاهرة :
_bدار المعارف ،
_c1994
300 _a467 ص ؛
_b24 سم
650 0 4 _aالاصوات اللغوية
650 0 4 _aاللغة العربية
650 0 4 _aالنطق
942 _2ddc
_cBK
999 _c55340
_d55340